Norrköping - Choix multiples - Statistiques

Statistiques générales
  • Ce quiz a été pris 15 fois
  • Le résultat moyen est 4 sur 10
Statistiques - réponses
Question Réponse % Correct
Comment le nom de la ville se prononce-t-il en suédois ? Norcheuping
67%
Qui ravagea Norrköping en 1719, au cours de la Grande Guerre du Nord ? Les Russes
60%
A la fin du XIXe siècle, Norrköping était la deuxième ville de Suède, avant de dégringoler au classement en quelques décennies seulement. Quelle est l'une des principales raisons de ce phénomène ? La chute de son industrie textile
53%
Avec quelle autre ville en "-köping" Norrköping forme-t-elle la quatrième agglomération suédoise ? Linköping
47%
Laquelle de ces photographies représente ce fameux musée ?
40%
Quel surnom porte la ville du fait de son passé dans l'industrie textile ? Manchester suédoise
40%
Quelles couleurs le tramway emblématique de la ville arbore-t-il ? Vert et jaune
40%
Où Norrköping se situe-t-elle ? A l'embouchure d'un fleuve, sur la mer Baltique
33%
"norr" évoque le Nord dans le nom de la ville, mais à quoi "köping" fait-il référence ? Au passé marchand de la ville
33%
Quel est le thème du musée le plus célèbre et visité de la ville ? Le travail
20%
Aucun quiz correspondant
Distribution des résultats
% des personnes avec chaque résultat
Percentile par nombre de réponses
Votre historique - résultats
Vous n’avez pas pris ce quiz